Advances in animal care (Record no. 300)

MARC details
000 -LEADER
fixed length control field 00927nam a22002657a 4500
003 - CONTROL NUMBER IDENTIFIER
control field OSt
005 - DATE AND TIME OF LATEST TRANSACTION
control field 20230426145601.0
008 - FIXED-LENGTH DATA ELEMENTS--GENERAL INFORMATION
fixed length control field 230426b |||||||| |||| 00| 0 eng d
020 ## - INTERNATIONAL STANDARD BOOK NUMBER
International Standard Book Number 9780323897044
Qualifying information (pbk)
022 ## - INTERNATIONAL STANDARD SERIAL NUMBER
International Standard Serial Number 26664518
040 ## - CATALOGING SOURCE
Original cataloging agency KMU
Transcribing agency KMU
Modifying agency KMU
Description conventions rda
050 ## - LIBRARY OF CONGRESS CALL NUMBER
Classification number SF 981 Adv 2021
245 ## - TITLE STATEMENT
Title Advances in animal care
Remainder of title /
Statement of responsibility, etc. philip H.Kass,David Lavine,Denis J.Marcellin-Little,Elisa M.Mazzaferro,Laurel J.Gershwin and Larry D.Cowgill.
260 ## - PUBLICATION, DISTRIBUTION, ETC.
Place of publication, distribution, etc. Philadelphia:
Name of publisher, distributor, etc. Elsevier Inc.,
Date of publication, distribution, etc. c2021.
300 ## - PHYSICAL DESCRIPTION
Extent xii,172p.:
Other physical details ill.;
Dimensions 23cm.
490 ## - SERIES STATEMENT
Volume/sequential designation Volume 2
International Standard Serial Number 26664518
600 ## - SUBJECT ADDED ENTRY--PERSONAL NAME
Source of heading or term oclc
Personal name Pet Medicine
700 ## - ADDED ENTRY--PERSONAL NAME
Personal name Kass Philip H
Relator term Editor-In-Chief
700 ## - ADDED ENTRY--PERSONAL NAME
Personal name Levine David
Relator term Section Editor
700 ## - ADDED ENTRY--PERSONAL NAME
Personal name Marcelllin-Little Denis J.
Relator term Section Editor
700 ## - ADDED ENTRY--PERSONAL NAME
Personal name Mazzaferro Elisa M.
Relator term Section Editor
700 ## - ADDED ENTRY--PERSONAL NAME
Personal name Gershwin Laurel J.
Relator term Section Editor
700 ## - ADDED ENTRY--PERSONAL NAME
Personal name Cowgill Larry D.
Relator term Section Editor
942 ## - ADDED ENTRY ELEMENTS (KOHA)
Source of classification or shelving scheme Library of Congress Classification
Koha item type Non-Fiction
Suppress in OPAC No
Holdings
Withdrawn status Lost status Source of classification or shelving scheme Damaged status Not for loan Collection Home library Current library Shelving location Date acquired Source of acquisition Total Checkouts Full call number Barcode Date last seen Price effective from Koha item type
    Library of Congress Classification     Non-fiction Kapasa Makasa University Kapasa Makasa University Open Access 26.04.2023 Zambia Library Service   SF 981 Adv 300196 26.04.2023 26.04.2023 Non-Fiction